000 00311nam a22001337a 4500
008 170127b xxu||||| |||| 00| 0 eng d
020 _a9780131000674
041 _aeng
080 _24TH
_a61
100 _a3
101 _aSHM
245 _aTHE ECONOMICS OF HEALTH AND HEALTH CARE
_cFOLLAND, SH
942 _2udc
_cBK
999 _c3922
_d3922